Survivor: The Australian Outback Confessional Count - Statistics

General Stats
  • This quiz has been taken 66 times
  • The average score is 14 of 16
Answer Stats
# of Confessionals Player % Correct
96 Colby Donaldson
100%
67 Tina Wesson
98%
61 Jerri Manthey
96%
24 Alicia Calaway
93%
67 Keith Famie
93%
21 Amber Brkich
91%
57 Elisabeth Filarski
91%
33 Jeff Varner
89%
4 Kel Gleason
89%
32 Rodger Bingham
89%
16 Kimmi Kappenberg
87%
15 Nick Brown
87%
21 Michael Skupin
85%
4 Debb Eaton
83%
17 Mitchell Olson
80%
10 Maralyn Hershey
78%
No matching quizzes found
Score Distribution
Percent of People with Each Score
Percentile by Number Answered
Your Score History
You have not taken this quiz